Films in Which a Woman in a Dress Sits to the Left of a Man on a Bench Less Than 50m From a Tree - Statistics

General Stats
  • This quiz has been taken 914 times
  • The average score is 6 of 15
Answer Stats
Picture Answer % Correct
Forrest Gump
97%
La La Land
90%
The Mask
82%
The Matrix Reloaded
62%
The Great Gatsby
59%
Notting Hill
54%
500 Days of Summer
49%
The Wolf of Wall Street
40%
Roman Holiday
33%
Before Sunset
26%
Victoria & Abdul
10%
Juror #2
7%
Life Begins for Andy Hardy
2%
There's Still Tomorrow
2%
Froth on the Daydream
1%
No matching quizzes found
Score Distribution
Percent of People with Each Score
Percentile by Number Answered
Your Score History
You have not taken this quiz